Normal view MARC view

Entry Personal Name

Number of records used in: 1

001 - CONTROL NUMBER

  • control field: 168460

003 - CONTROL NUMBER IDENTIFIER

  • control field: OSt

005 - DATE AND TIME OF LATEST TRANSACTION

  • control field: 20220923225154.0

008 - FIXED-LENGTH DATA ELEMENTS

  • fixed length control field: 220923|| aca||aabn | a|a d

040 ## - CATALOGING SOURCE

  • Original cataloging agency: OSt
  • Transcribing agency: OSt

100 ## - HEADING--PERSONAL NAME

  • Personal name: सुब्रह्मण्य, भारती; पिल्लै, आर0 पी0 सेतु; रामनाथन, आनन्दी, अनु

670 ## - SOURCE DATA FOUND

  • Source citation: Work cat.: (OSt)376524: सुब्रह्मण्य, भारती; पिल्लै, आर0 पी0 सेतु; रामनाथन, आनन्दी, अनु., भारती की कविताएॅं, 1970
Copyright @ Delhi University Library System